000 01172nam a22003257a 4500
001 000612
003 DO-SdBNP
005 20180131150213.0
007 000612
008 161027b 1985 sp a ||||| |||| 00| 0 spa d
020 _a8427249403
040 _aBPMSU
_bspa
_cBPMSU
041 1 7 _aspa
_heng
082 _axxxx
_bxxxx
100 1 _aBrandel, Marc.
240 1 0 _aThe mystery of the rogues reunion.
_lEspañol
245 1 0 _aMisterio del concurso de T. V. /
_cMarc Brandel, basado en los personajes creados por Robert Arthur ; traducción de C. Peraire del Molino ; ilustraciones de R. Escolano.
260 _aBarcelona :
_bMolino,
_c[1985].
300 _a150 p. :
_bil. ;
_c21 cm.
490 1 _aAlfred Hitchcock y los tres investigadores
_v40
500 _aTraducción de: The mystery of the rogues' reunion.
650 _aCuentos infantiles estadounidenses.
700 1 _aArthur, Robert
700 1 _aPeraire del Molino, Conchita,
_etr.
700 1 2 _aEscolano, Ramón,
_eil.
830 0 _aAlfred Hitchcock y los tres investigadores ;
_v40
942 _2ddc
_cBK
945 _aInventariado, 2018/ YL
956 _2LOPEREZ
_310
_620161027
_8BPMSU
_a00041
999 _c11707
_d11707